Analýza inflácie a vstup Slovenska do Európskej únie

Problémy vstupu Slovenska do EMÚ. Analýza inflačného procesu v SR. Vývoj makroekonomických ukazovateľov SR. Vývoj celkovej inflácie v SR.

Na minha lista:
Detalhes bibliográficos
Autor principal: Goga, Marián
Formato: Capítulo de Livro
Idioma:eslovaco
Assuntos:
Tags: Adicionar Tag
Sem tags, seja o primeiro a adicionar uma tag!

MARC

LEADER 00000naa$a2200000$$$4500
001 0092964
005 20240502072033.8
041 0 |a slo 
044 |a SK 
245 1 0 |a Analýza inflácie a vstup Slovenska do Európskej únie  |c Marián Goga 
520 |a Problémy vstupu Slovenska do EMÚ. Analýza inflačného procesu v SR. Vývoj makroekonomických ukazovateľov SR. Vývoj celkovej inflácie v SR. 
610 2 0 |a inflácia 
610 2 0 |a ekonometria 
610 2 0 |a Európska menová únia 
610 2 0 |a Slovensko 
610 2 0 |a ukazovatele makroekonomické 
610 2 0 |a situácia hospodárska 
100 1 |a Goga, Marián